Sporcle 7-to-1 Blitz: Part One Quiz Stats

 Plays Quiz not verified by Sporcle

Score 0/28 Timer 02:00
12 Plays Today
% Correct
Geography
93.6%
Science
89.8%
Entertainment
89.6%
Country
88.7%
Physics
87.9%
Population
86.9%
Anatomy
86.9%
Elements
86.6%
Vocabulary
85.9%
Flags
85.6%
Language
85.6%
Translation
85.4%
World
83.9%
State
83.5%
% Correct
Border
83.4%
Religion
82.9%
Television
82.1%
Definition
81.8%
Box Office
80.4%
Director
77.5%
Movies
76.7%
Oscar
76.6%
Sitcom
74.5%
Math
71.5%
Pixar
63.3%
Star Wars
59.6%
Cartoons
47.9%
Cast
41.3%

You're not logged in!

Compare scores with friends on all Sporcle quizzes.
OR
Log In

Show Comments

Extras

Top Quizzes Today


Score Distribution

Your Account Isn't Verified!

In order to create a playlist on Sporcle, you need to verify the email address you used during registration. Go to your Sporcle Settings to finish the process.

Report this User

Report this user for behavior that violates our Community Guidelines.

Details: